00838nam a2200229 i 4500001001000000003000900010005001700019007000300036008004100039040003000080082000700110100003700117245011900154264006100273300002800334336002700362337003300389338002800422942001400450952012700464999001700591000034114DO-SdBNP20240925133935.0ta110926s19uu gw c 000 0 ger d aDO-SdBNPbspacBNPHUerda 42221 aFiallo, Fabio,d1866-194293481610aZarte Geschichten /cFabio Fiallo ; Deutsch bearbeitet und herausgegeben von Alfred Katz und E. Sánchez y Rosal. aBerlín, Alemania :bSánchez y Rosal Hermanos,c19-?. a172 páginas ;c22 cm. 2rdacontentatextobtxt 2rdamediaasin mediaciónbn 2rdacarrieravolumenbnc 2ddccLBS1 00102ddc51708PDaBNPHUbBNPHUcCTd2011-09-26l0oBNPHU PD BNPHUp34114-10r2020-06-25w2020-06-25yLBS1ZNo se presta c33605d33605